000 00495pam a2200157 a 4500
020 _a9780824702939
_c
041 _aeng
082 _a615.191
_bNUS
100 _aNusim, Stanley N.
245 _aActive Pharmaceutical Ingredients : Development, Manufacturing, and Regulation : Drug and Pharmaceutical Sciences,
_hTextual Documents
250 _a1st ed.
260 _aLondon:
_bTaylor and Francis,
_c2008.
300 _a337.
653 _aPharmaceutics(Manufacture & Preparation)
930 _a1543
999 _c74834
_d74834